MARC details
| 000 -LEADER |
| fixed length control field |
01401nam a2200373 a 4500 |
| 001 - CONTROL NUMBER |
| control field |
sjds1066407 |
| 003 - CONTROL NUMBER IDENTIFIER |
| control field |
sjds |
| 005 - DATE AND TIME OF LATEST TRANSACTION |
| control field |
20171108134614.0 |
| 008 - FIXED-LENGTH DATA ELEMENTS--GENERAL INFORMATION |
| fixed length control field |
930408t19941987nyua j 000 1 eng |
| 020 ## - INTERNATIONAL STANDARD BOOK NUMBER |
| International Standard Book Number |
0399226907 (Board book) |
| 020 ## - INTERNATIONAL STANDARD BOOK NUMBER |
| International Standard Book Number |
9780399226908 (Board book) |
| 035 ## - SYSTEM CONTROL NUMBER |
| System control number |
126686 |
| 035 ## - SYSTEM CONTROL NUMBER |
| System control number |
(OCoLC)43580092 |
| 035 ## - SYSTEM CONTROL NUMBER |
| System control number |
126686 |
| 040 ## - CATALOGING SOURCE |
| Original cataloging agency |
DLC |
| Transcribing agency |
DLC |
| Modifying agency |
UtOrBLW |
| 049 ## - LOCAL HOLDINGS (OCLC) |
| Holding library |
IFAB |
| 099 ## - LOCAL FREE-TEXT CALL NUMBER (OCLC) |
| Classification number |
BOARD BOOKS CARLE 1994 |
| 999 ## - SYSTEM CONTROL NUMBERS (KOHA) |
| Koha Dewey Subclass [OBSOLETE] |
BOARD BOOKS CARLE 1994 |
| 100 1# - MAIN ENTRY--PERSONAL NAME |
| Personal name |
Carle, Eric, |
| Relator term |
author. |
| 245 14 - TITLE STATEMENT |
| Title |
The very hungry caterpillar / |
| Statement of responsibility, etc. |
by Eric Carle. |
| 264 #1 - PRODUCTION, PUBLICATION, DISTRIBUTION, MANUFACTURE, AND COPYRIGHT NOTICE |
| Place of production, publication, distribution, manufacture |
New York : |
| Name of producer, publisher, distributor, manufacturer |
Philomel Books, |
| Date of production, publication, distribution, manufacture, or copyright notice |
1994. |
| 264 #4 - PRODUCTION, PUBLICATION, DISTRIBUTION, MANUFACTURE, AND COPYRIGHT NOTICE |
| Date of production, publication, distribution, manufacture, or copyright notice |
♭1987 |
| 300 ## - PHYSICAL DESCRIPTION |
| Extent |
1 volume (unpaged : board book) : |
| Other physical details |
color illustrations ; |
| Dimensions |
13 x 18 cm |
| 336 ## - CONTENT TYPE |
| Content type term |
text |
| Content type code |
txt |
| Source |
rdacontent |
| 337 ## - MEDIA TYPE |
| Media type term |
unmediated |
| Media type code |
n |
| Source |
rdamedia |
| 338 ## - CARRIER TYPE |
| Carrier type term |
volume |
| Carrier type code |
nc |
| Source |
rdacarrier |
| 500 ## - GENERAL NOTE |
| General note |
On board pages. |
| 520 ## - SUMMARY, ETC. |
| Summary, etc. |
Follows the progress of a hungry little caterpillar as he eats his way through a varied and very large quantity of food until, full at last, he forms a cocoon around himself and goes to sleep. Die-cut pages illustrate what the caterpillar ate on successive days. On board pages. |
| 521 8# - TARGET AUDIENCE NOTE |
| Target audience note |
AD 460 |
| Source |
Lexile |
| 526 0# - STUDY PROGRAM INFORMATION NOTE |
| Program name |
Accelerated Reader |
| Interest level |
LG |
| Reading level |
2.9 |
| Title point value |
0.5 |
| Public note |
5496 |
| 650 #0 - SUBJECT ADDED ENTRY--TOPICAL TERM |
| Topical term or geographic name as entry element |
Toy and movable books |
| Form subdivision |
Specimens |
| -- |
Juvenile literature. |
| 650 #0 - SUBJECT ADDED ENTRY--TOPICAL TERM |
| Topical term or geographic name as entry element |
Caterpillars |
| Form subdivision |
Juvenile fiction. |
| 942 ## - ADDED ENTRY ELEMENTS (KOHA) |
| Koha item type |
Libro/Book |